000
00252nam a2200109Ia 4500
008
190914s9999||||xx |||||||||||||| ||und||
100
_a
Doctor Younis Husni
245
0
_a
Kaweshain
260
_a
Lahore
_b
Fiction House
_c
2001
300
_a
606
942
_c
BK
999
_c
9301
_d
9301